Bhava-prabhatha, mavina thopu, rajavallabha. (Record no. 105003)
[ view plain ]
| 000 -LEADER | |
|---|---|
| fixed length control field | 00702nam a2200205Ia 4500 |
| 003 - CONTROL NUMBER IDENTIFIER | |
| control field | OSt |
| 005 - DATE AND TIME OF LATEST TRANSACTION | |
| control field | 20240823153500.0 |
| 008 - FIXED-LENGTH DATA ELEMENTS--GENERAL INFORMATION | |
| fixed length control field | 210210b1990 xxu||||| |||| 00| 0 eng d |
| 040 ## - CATALOGING SOURCE | |
| Transcribing agency | AL |
| 041 ## - LANGUAGE CODE | |
| Language code of text/sound track or separate title | Kannada |
| 082 ## - DEWEY DECIMAL CLASSIFICATION NUMBER | |
| Classification number | K894.301 JOSB |
| 100 ## - MAIN ENTRY--PERSONAL NAME | |
| Personal name | JOSHI (Ha P). |
| Dates associated with a name | ಜೋಶಿ (ಹಾ ಪಿ) |
| 9 (RLIN) | 177818 |
| 245 ## - TITLE STATEMENT | |
| Title | Bhava-prabhatha, mavina thopu, rajavallabha. |
| Remainder of title | ಭಾವ ಪ್ರಭಾತ ಮಾವಿನ ತೋಪು ರಾಜವಲ್ಲಭ |
| 260 ## - PUBLICATION, DISTRIBUTION, ETC. | |
| Place of publication, distribution, etc. | Bengaluru. |
| Name of publisher, distributor, etc. | Kannada Mattu Samskrathi Nirdeshanalaya., |
| Date of publication, distribution, etc. | 1990 |
| 300 ## - PHYSICAL DESCRIPTION | |
| Extent | iv,227 |
| 650 ## - SUBJECT ADDED ENTRY--TOPICAL TERM | |
| Topical term or geographic name entry element | Sannakathe BhavaprabhathaMavina thopu Rajavallabha |
| 9 (RLIN) | 177819 |
| 690 ## - LOCAL SUBJECT ADDED ENTRY--TOPICAL TERM (OCLC, RLIN) | |
| Topical term or geographic name as entry element | Kannada Fiction |
| 9 (RLIN) | 177820 |
| 906 ## - LOCAL DATA ELEMENT F, LDF (RLIN) | |
| a | 057726 |
| 942 ## - ADDED ENTRY ELEMENTS (KOHA) | |
| Source of classification or shelving scheme | Dewey Decimal Classification |
| Koha item type | Book |
| Withdrawn status | Lost status | Damaged status | Not for loan | Collection code | Home library | Current library | Shelving location | Date acquired | Source of acquisition | Cost, normal purchase price | Total Checkouts | Full call number | Barcode | Date last seen | Price effective from | Koha item type |
|---|---|---|---|---|---|---|---|---|---|---|---|---|---|---|---|---|
| St Aloysius Library | St Aloysius Library | 02/17/2021 | Sahayaka Nirdeshakara Kacheri, Mangaluru. | 12.00 | K894.301 JOSB | 057726 | 02/17/2021 | 02/17/2021 | Book |